| Tag |
First Indicator |
Second Indicator |
Subfields |
| LEADER |
00000cam a2200000 a 4500 |
| 001 |
in00000077117 |
| 005 |
20151008060533.0 |
| 008 |
800519s1978 fr b i00010 engm |
| 010 |
|
|
|a 80475927
|
| 015 |
|
|
|a F***
|
| 020 |
|
|
|a 9264118004 :
|c $7.00
|
| 035 |
|
|
|a (OCoLC)06426067
|
| 035 |
|
|
|9 AAJ5981AM
|
| 040 |
|
|
|a DLC
|c DLC
|d TXA
|d UtOrBLW
|
| 049 |
|
|
|a TXAM
|c [1196482]
|
| 050 |
0 |
0 |
|a TD892
|b .O74 1978
|
| 082 |
0 |
|
|a 363.7/46/091722
|
| 110 |
2 |
|
|a Organisation for Economic Co-operation and Development.
|b Ad Hoc Group on Noise Abatement Policies.
|
| 245 |
1 |
0 |
|a Reducing noise in OECD countries :
|b a report of the Ad Hoc Group on Noise Abat[e]ment Policies.
|
| 264 |
|
1 |
|a Paris :
|b Organisation for Economic Co-operation and Development ;
|a [Washington, D.C.] :
|b [sold by OECD Publications and Information Center],
|c [1978]
|
| 264 |
|
4 |
|c ©1978
|
| 300 |
|
|
|a 113 pages ;
|c 24 cm.
|
| 336 |
|
|
|a text
|b txt
|2 rdacontent
|
| 337 |
|
|
|a unmediated
|b n
|2 rdamedia
|
| 338 |
|
|
|a volume
|b nc
|2 rdacarrier
|
| 504 |
|
|
|a Includes bibliographical references.
|
| 650 |
|
0 |
|a Noise control.
|
| 650 |
|
0 |
|a Environmental policy.
|
| 999 |
|
|
|a MARS
|
| 999 |
f |
f |
|s 14888239-e85a-3d92-8490-7a34557d3f71
|i 02c5322a-2ca5-3295-b100-8801ac1042bc
|t 0
|
| 952 |
f |
f |
|p ric
|a Texas A&M University
|b Rellis Campus
|c Joint Library Facility
|s JLF
|d Remote Storage
|t 0
|e TD892 .O74 1978
|h Library of Congress classification
|i unmediated -- volume
|m A14806245891
|
| 998 |
f |
f |
|a TD892 .O74 1978
|t 0
|l Remote Storage
|